[Event "Wroclaw"]
[Site "?"]
[Date "2020.08.27"]
[Round "9.3"]
[White "Luczak, Filip"]
[Black "Kozlowski, Michal"]
[Result "1/2-1/2"]
[BlackElo "1745"]
[WhiteElo "1891"]
[LiveChessVersion "1.4.8"]

1. Nf3 {[%clk 0:03:03]} Nf6 {[%clk 0:03:03]} 2. g3 {[%clk 0:03:04]} g6
{[%clk 0:03:04]} 3. Bg2 {[%clk 0:03:06]} Bg7 {[%clk 0:03:05]} 4. O-O
{[%clk 0:03:07]} O-O {[%clk 0:03:06]} 5. c4 {[%clk 0:03:07]} c5 {[%clk 0:03:07]}
6. d4 {[%clk 0:03:07]} cxd4 {[%clk 0:03:02]} 7. Nxd4 {[%clk 0:03:06]} Nc6
{[%clk 0:03:03]} 8. Nc3 {[%clk 0:03:05]} a6 {[%clk 0:03:00]} 9. b3
{[%clk 0:02:42]} Nxd4 {[%clk 0:02:41]} 10. Qxd4 {[%clk 0:02:42]} Ne4
{[%clk 0:02:14]} 11. Qxe4 {[%clk 0:02:34]} Bxc3 {[%clk 0:02:14]} 12. Rb1
{[%clk 0:02:29]} d6 {[%clk 0:02:15]} 13. Qd3 {[%clk 0:02:21]} Bg7
{[%clk 0:02:14]} 14. Bb2 {[%clk 0:02:22]} Qc7 {[%clk 0:02:05]} 15. Bxg7
{[%clk 0:02:17]} Kxg7 {[%clk 0:02:05]} 16. Rbc1 {[%clk 0:02:17]} Bd7
{[%clk 0:01:59]} 17. Rfd1 {[%clk 0:01:49]} Bc6 {[%clk 0:01:51]} 18. c5
{[%clk 0:01:48]} Rad8 {[%clk 0:01:12]} 19. Bxc6 {[%clk 0:01:42]} Qxc6
{[%clk 0:00:52]} 20. cxd6 {[%clk 0:01:36]} Qxd6 {[%clk 0:00:52]} 21. Qxd6
{[%clk 0:01:33]} Rxd6 {[%clk 0:00:46]} 22. Rxd6 {[%clk 0:01:34]} exd6
{[%clk 0:00:47]} 23. Rc7 {[%clk 0:01:34]} Rb8 {[%clk 0:00:43]} 24. Rd7
{[%clk 0:01:30]} Rc8 {[%clk 0:00:44]} 25. Rxb7 {[%clk 0:01:11]} Rc2
{[%clk 0:00:38]} 26. Rb6 {[%clk 0:00:52]} Rxa2 {[%clk 0:00:34]} 27. Rxd6
{[%clk 0:00:52]} Rb2 {[%clk 0:00:34]} 28. Rb6 {[%clk 0:00:50]} a5
{[%clk 0:00:34]} 29. Rb5 {[%clk 0:00:50]} Kf6 {[%clk 0:00:27]} 30. e3
{[%clk 0:00:45]} Ke6 {[%clk 0:00:25]} 31. Kg2 {[%clk 0:00:45]} h6
{[%clk 0:00:21]} 32. h4 {[%clk 0:00:44]} Kf6 {[%clk 0:00:15]} 33. h5
{[%clk 0:00:38]} gxh5 {[%clk 0:00:07]} 34. Rxh5 {[%clk 0:00:37]} Rxb3
{[%clk 0:00:07]} 35. Rxh6+ {[%clk 0:00:36]} Kg7 {[%clk 0:00:07]} 36. Ra6
{[%clk 0:00:36]} Rb5 {[%clk 0:00:08]} 37. g4 {[%clk 0:00:35]} Rg5
{[%clk 0:00:09]} 38. Kf3 {[%clk 0:00:32]} Rb5 {[%clk 0:00:11]} 39. Kg3
{[%clk 0:00:33]} Re5 {[%clk 0:00:10]} 40. Kf4 {[%clk 0:00:32]} Rb5
{[%clk 0:00:11]} 41. f3 {[%clk 0:00:31]} Rc5 {[%clk 0:00:11]} 42. e4
{[%clk 0:00:31]} f6 {[%clk 0:00:08]} 43. Kg3 {[%clk 0:00:28]} Rb5
{[%clk 0:00:07]} 44. f4 {[%clk 0:00:16]} Rb3+ {[%clk 0:00:06]} 45. Kh4
{[%clk 0:00:12]} Rb4 {[%clk 0:00:07]} 46. Re6 {[%clk 0:00:05]} a4
{[%clk 0:00:09]} 47. e5 {[%clk 0:00:04]} fxe5 {[%clk 0:00:10]} 48. fxe5
{[%clk 0:00:05]} Re4 {[%clk 0:00:09]} 49. Kg5 {[%clk 0:00:05]} a3
{[%clk 0:00:10]} 50. Kf5 {[%clk 0:00:05]} Ra4 {[%clk 0:00:11]} 51. Re7+
{[%clk 0:00:04]} Kf8 {[%clk 0:00:12]} 52. Rb7 {[%clk 0:00:04]} a2
{[%clk 0:00:12]} 53. Kf6 {[%clk 0:00:04]} Rf4+ {[%clk 0:00:13]} 54. Ke6
{[%clk 0:00:05]} Ra4 {[%clk 0:00:14]} 55. Kf6 {[%clk 0:00:05]} Rf4+
{[%clk 0:00:15]} 56. Ke6 {[%clk 0:00:07]} Ra4 {[%clk 0:00:16]} 57. Kf6 Rf4+
1/2-1/2

[Event "Wroclaw"]
[Site "?"]
[Date "2020.08.27"]
[Round "9.4"]
[White "Niedbala, Bartlomiej"]
[Black "Baum, Jonasz"]
[Result "1-0"]
[BlackElo "2187"]
[WhiteElo "2131"]
[LiveChessVersion "1.4.8"]

1. d4 {[%clk 0:03:03]} e6 {[%clk 0:03:04]} 2. g3 {[%clk 0:02:53]} c5
{[%clk 0:03:04]} 3. c3 {[%clk 0:02:46]} Nc6 {[%clk 0:02:57]} 4. Nf3
{[%clk 0:02:31]} Nf6 {[%clk 0:02:40]} 5. Bg2 {[%clk 0:02:32]} d5 {[%clk 0:02:32]}
6. O-O {[%clk 0:02:29]} Be7 {[%clk 0:02:27]} 7. Nbd2 {[%clk 0:02:10]} O-O
{[%clk 0:02:27]} 8. dxc5 {[%clk 0:02:11]} Bxc5 {[%clk 0:02:24]} 9. b4
{[%clk 0:02:12]} Bd6 {[%clk 0:02:00]} 10. a3 e5 {[%clk 0:01:56]} 11. Nb3
{[%clk 0:01:56]} Bg4 {[%clk 0:01:43]} 12. Bg5 {[%clk 0:01:51]} Be6
{[%clk 0:01:15]} 13. Ne1 {[%clk 0:01:20]} e4 {[%clk 0:01:08]} 14. Nc2
{[%clk 0:01:21]} h6 {[%clk 0:01:05]} 15. Bc1 {[%clk 0:01:19]} Ne5
{[%clk 0:01:05]} 16. Nbd4 {[%clk 0:01:21]} Nc4 {[%clk 0:01:05]} 17. Ne3
{[%clk 0:01:21]} Nxe3 {[%clk 0:00:57]} 18. Bxe3 {[%clk 0:01:22]} Rc8
{[%clk 0:00:58]} 19. Nb5 {[%clk 0:01:10]} Bb8 {[%clk 0:00:56]} 20. Rc1 a6 21. Nd4
{[%clk 0:01:03]} Qd7 {[%clk 0:00:57]} 22. Nb3 {[%clk 0:01:03]} Bh3
{[%clk 0:00:38]} 23. Nc5 {[%clk 0:01:04]} Qf5 {[%clk 0:00:38]} 24. f3
{[%clk 0:01:01]} Bxg2 {[%clk 0:00:39]} 25. Kxg2 {[%clk 0:01:02]} exf3+
{[%clk 0:00:33]} 26. exf3 {[%clk 0:01:03]} Rfe8 {[%clk 0:00:31]} 27. Bd4
{[%clk 0:01:04]} b6 {[%clk 0:00:28]} 28. Qd3 {[%clk 0:00:59]} Qxd3
{[%clk 0:00:24]} 29. Nxd3 {[%clk 0:01:00]} Re2+ {[%clk 0:00:25]} 30. Rf2
{[%clk 0:01:00]} Rxf2+ {[%clk 0:00:24]} 31. Kxf2 {[%clk 0:01:01]} b5
{[%clk 0:00:17]} 32. Re1 {[%clk 0:00:57]} Bd6 {[%clk 0:00:15]} 33. Ra1
{[%clk 0:00:51]} Nd7 {[%clk 0:00:05]} 34. a4 {[%clk 0:00:53]} bxa4
{[%clk 0:00:04]} 35. Rxa4 {[%clk 0:00:55]} Rc6 {[%clk 0:00:05]} 36. Ra5
{[%clk 0:00:52]} Nf6 {[%clk 0:00:05]} 37. Bxf6 {[%clk 0:00:45]} gxf6
{[%clk 0:00:06]} 38. Rxd5 {[%clk 0:00:47]} Bf8 {[%clk 0:00:05]} 39. Nc5
{[%clk 0:00:37]} a5 {[%clk 0:00:06]} 40. Ke3 {[%clk 0:00:31]} axb4
{[%clk 0:00:08]} 41. cxb4 {[%clk 0:00:32]} Rb6 {[%clk 0:00:09]} 42. Nd7
{[%clk 0:00:23]} Rxb4 43. Nxf6+ {[%clk 0:00:25]} Kg7 {[%clk 0:00:09]} 44. Nh5+
{[%clk 0:00:26]} Kg6 45. Nf4+ Kg7 {[%clk 0:00:10]} 46. h4 {[%clk 0:00:20]} Be7
{[%clk 0:00:11]} 47. Nh5+ {[%clk 0:00:20]} Kg6 {[%clk 0:00:12]} 48. Nf4+
{[%clk 0:00:21]} Kg7 {[%clk 0:00:13]} 49. Rd7 {[%clk 0:00:19]} Bc5+
{[%clk 0:00:12]} 50. Kd3 {[%clk 0:00:20]} Bf2 {[%clk 0:00:09]} 51. Ke2
{[%clk 0:00:14]} Rb2+ {[%clk 0:00:09]} 52. Rd2 {[%clk 0:00:16]} Rxd2+
{[%clk 0:00:07]} 53. Kxd2 {[%clk 0:00:17]} Kh7 {[%clk 0:00:05]} 54. Ne2
{[%clk 0:00:18]} Bb6 {[%clk 0:00:06]} 55. Kd3 {[%clk 0:00:19]} Bc7
{[%clk 0:00:07]} 56. Ke4 {[%clk 0:00:20]} Kg6 {[%clk 0:00:08]} 57. Nf4+
{[%clk 0:00:15]} Kg7 {[%clk 0:00:09]} 58. Kf5 {[%clk 0:00:16]} Bd8
{[%clk 0:00:05]} 59. Nh5+ {[%clk 0:00:17]} Kh7 {[%clk 0:00:05]} 60. Nf6+
{[%clk 0:00:18]} Kg7 {[%clk 0:00:06]} 61. Ne4 {[%clk 0:00:18]} Bc7
{[%clk 0:00:06]} 62. h5 {[%clk 0:00:19]} Bd8 {[%clk 0:00:06]} 63. g4
{[%clk 0:00:20]} Be7 {[%clk 0:00:07]} 64. f4 {[%clk 0:00:21]} Bd8
{[%clk 0:00:08]} 65. Ke5 Bc7+ 66. Kf5 {[%clk 0:00:19]} Bd8 {[%clk 0:00:11]} 67.
Nc5 {[%clk 0:00:18]} Bc7 {[%clk 0:00:11]} 68. Nd3 {[%clk 0:00:18]} Bb8
{[%clk 0:00:13]} 69. Ke4 {[%clk 0:00:18]} Kf6 {[%clk 0:00:13]} 70. Nc5
{[%clk 0:00:14]} Ba7 {[%clk 0:00:14]} 71. Nd7+ {[%clk 0:00:15]} Ke6
{[%clk 0:00:12]} 72. Ne5 {[%clk 0:00:12]} Bb8 {[%clk 0:00:13]} 73. Nf3
{[%clk 0:00:13]} Kf6 {[%clk 0:00:12]} 74. Nh4 {[%clk 0:00:14]} Kg7
{[%clk 0:00:12]} 75. Nf5+ {[%clk 0:00:16]} Kh7 {[%clk 0:00:13]} 76. Nh4
{[%clk 0:00:08]} Kg7 {[%clk 0:00:14]} 77. Kf5 {[%clk 0:00:09]} Bc7
{[%clk 0:00:14]} 78. g5 {[%clk 0:00:10]} hxg5 {[%clk 0:00:13]} 79. fxg5
{[%clk 0:00:11]} Bd8 {[%clk 0:00:12]} 80. Nf3 {[%clk 0:00:12]} f6
{[%clk 0:00:11]} 81. g6 {[%clk 0:00:10]} Kh6 {[%clk 0:00:12]} 82. Nh2
{[%clk 0:00:07]} Ba5 {[%clk 0:00:06]} 83. Ng4+ {[%clk 0:00:09]} Kg7
{[%clk 0:00:07]} 84. h6+ {[%clk 0:00:10]} Kh8 {[%clk 0:00:07]} 85. Nxf6
{[%clk 0:00:10]} 1-0

[Event "Wroclaw"]
[Site "?"]
[Date "2020.08.27"]
[Round "9.5"]
[White "Czernek, Tymon"]
[Black "Oglaza, Oskar"]
[Result "0-1"]
[BlackElo "2183"]
[WhiteElo "2067"]
[LiveChessVersion "1.4.8"]

1. e4 {[%clk 0:03:03]} c5 {[%clk 0:02:54]} 2. Nf3 {[%clk 0:03:04]} a6
{[%clk 0:02:50]} 3. d4 {[%clk 0:03:05]} cxd4 {[%clk 0:02:46]} 4. Nxd4
{[%clk 0:03:06]} e5 {[%clk 0:02:30]} 5. Nf3 {[%clk 0:02:57]} d6 {[%clk 0:02:28]}
6. Nc3 {[%clk 0:02:57]} h6 {[%clk 0:01:57]} 7. Bd3 {[%clk 0:02:54]} Nf6
{[%clk 0:01:56]} 8. O-O {[%clk 0:02:54]} Be7 {[%clk 0:01:55]} 9. a4
{[%clk 0:02:49]} b6 {[%clk 0:01:54]} 10. Re1 {[%clk 0:02:42]} Bb7
{[%clk 0:01:52]} 11. h3 {[%clk 0:02:40]} Nbd7 {[%clk 0:01:45]} 12. Bc4
{[%clk 0:02:00]} Qc7 {[%clk 0:01:35]} 13. Ba2 {[%clk 0:01:49]} O-O
{[%clk 0:01:30]} 14. Nd5 {[%clk 0:01:22]} Nxd5 {[%clk 0:01:28]} 15. Bxd5
{[%clk 0:01:13]} Bxd5 {[%clk 0:00:56]} 16. exd5 {[%clk 0:01:13]} f5
{[%clk 0:00:55]} 17. Nd4 {[%clk 0:00:59]} Nc5 {[%clk 0:00:50]} 18. Nc6
{[%clk 0:00:59]} Bf6 {[%clk 0:00:50]} 19. b4 {[%clk 0:00:41]} Ne4
{[%clk 0:00:45]} 20. Qf3 {[%clk 0:00:21]} Qd7 {[%clk 0:00:46]} 21. Ra3
{[%clk 0:00:16]} Ng5 {[%clk 0:00:38]} 22. Qe2 {[%clk 0:00:15]} f4
{[%clk 0:00:37]} 23. Qg4 {[%clk 0:00:10]} Qf7 {[%clk 0:00:25]} 24. a5
{[%clk 0:00:08]} h5 {[%clk 0:00:20]} 25. Qd1 {[%clk 0:00:07]} b5 {[%clk 0:00:21]}
26. h4 {[%clk 0:00:07]} Nh7 {[%clk 0:00:20]} 27. Rh3 {[%clk 0:00:08]} g6
{[%clk 0:00:09]} 28. Qd3 {[%clk 0:00:08]} Kh8 {[%clk 0:00:09]} 29. c4
{[%clk 0:00:09]} bxc4 {[%clk 0:00:09]} 30. Qxc4 {[%clk 0:00:10]} g5
{[%clk 0:00:09]} 31. hxg5 {[%clk 0:00:08]} Nxg5 {[%clk 0:00:10]} 32. Rh1
{[%clk 0:00:09]} Kg7 {[%clk 0:00:11]} 33. Qe2 {[%clk 0:00:09]} Rh8
{[%clk 0:00:12]} 34. f3 {[%clk 0:00:10]} h4 {[%clk 0:00:13]} 35. Qd3
{[%clk 0:00:07]} h3 {[%clk 0:00:11]} 36. Re2 {[%clk 0:00:07]} Rh5
{[%clk 0:00:09]} 37. gxh3 {[%clk 0:00:06]} Nxh3+ {[%clk 0:00:07]} 38. Kf1
{[%clk 0:00:05]} Rah8 {[%clk 0:00:07]} 39. Rg2+ {[%clk 0:00:06]} Ng5
{[%clk 0:00:07]} 40. Rxh5 {[%clk 0:00:06]} Rxh5 {[%clk 0:00:08]} 41. Bd2
{[%clk 0:00:04]} Rh3 {[%clk 0:00:08]} 42. Ke2 {[%clk 0:00:04]} Qh5
{[%clk 0:00:07]} 43. Qxa6 {[%clk 0:00:04]} Qxf3+ {[%clk 0:00:08]} 44. Ke1
{[%clk 0:00:05]} Rh1+ {[%clk 0:00:09]} 0-1

[Event "Wroclaw"]
[Site "?"]
[Date "2020.08.27"]
[Round "9.6"]
[White "Grzesik, Gracjan"]
[Black "Ochedzan, Tymon"]
[Result "0-1"]
[BlackElo "1972"]
[WhiteElo "1927"]
[LiveChessVersion "1.4.8"]

1. c4 {[%clk 0:03:03]} Nf6 {[%clk 0:03:03]} 2. Nc3 {[%clk 0:03:04]} e5
{[%clk 0:02:59]} 3. g3 {[%clk 0:03:03]} d5 {[%clk 0:03:00]} 4. cxd5
{[%clk 0:03:04]} Nxd5 {[%clk 0:03:00]} 5. Bg2 {[%clk 0:03:05]} Nb6
{[%clk 0:03:00]} 6. d3 {[%clk 0:03:05]} Be7 {[%clk 0:02:58]} 7. Nf3
{[%clk 0:03:05]} Nc6 {[%clk 0:02:58]} 8. O-O {[%clk 0:03:05]} O-O
{[%clk 0:02:58]} 9. a3 {[%clk 0:03:04]} Re8 {[%clk 0:02:49]} 10. Be3
{[%clk 0:02:59]} Bf8 {[%clk 0:02:41]} 11. Rc1 {[%clk 0:02:53]} Nd4
{[%clk 0:02:37]} 12. Re1 {[%clk 0:01:35]} Bg4 {[%clk 0:02:31]} 13. Bxd4
{[%clk 0:01:17]} exd4 {[%clk 0:02:32]} 14. Na4 {[%clk 0:00:29]} Qd7
{[%clk 0:02:15]} 15. Nc5 {[%clk 0:00:24]} Bxc5 {[%clk 0:02:15]} 16. Rxc5
{[%clk 0:00:25]} Na4 {[%clk 0:01:51]} 17. Rc4 {[%clk 0:00:24]} Nxb2
{[%clk 0:01:51]} 18. Rxd4 {[%clk 0:00:25]} Qxd4 {[%clk 0:01:49]} 19. Nxd4
{[%clk 0:00:12]} Nxd1 {[%clk 0:01:50]} 20. Rxd1 {[%clk 0:00:12]} Bxe2
{[%clk 0:01:44]} 21. Nxe2 {[%clk 0:00:10]} Rxe2 {[%clk 0:01:45]} 22. Bxb7
{[%clk 0:00:11]} Rb8 {[%clk 0:01:34]} 23. Kf1 {[%clk 0:00:06]} Ra2
{[%clk 0:01:32]} 24. Bd5 {[%clk 0:00:05]} Rxa3 {[%clk 0:01:33]} 25. Bc4
{[%clk 0:00:06]} g6 {[%clk 0:01:29]} 26. Re1 {[%clk 0:00:06]} Kf8
{[%clk 0:01:27]} 27. Re5 {[%clk 0:00:06]} Ra1+ {[%clk 0:01:24]} 28. Kg2
{[%clk 0:00:07]} Rb2 {[%clk 0:01:19]} 29. Re3 {[%clk 0:00:04]} Ra5
{[%clk 0:01:07]} 30. Rf3 {[%clk 0:00:04]} Rf5 {[%clk 0:01:08]} 31. Rxf5
{[%clk 0:00:04]} gxf5 {[%clk 0:01:09]} 32. Kf3 {[%clk 0:00:05]} a5
{[%clk 0:01:10]} 33. Ke3 {[%clk 0:00:06]} a4 {[%clk 0:01:12]} 34. Kd4 0-1

[Event "Wroclaw"]
[Site "?"]
[Date "2020.08.27"]
[Round "9.7"]
[White "Lichorad, Mateusz"]
[Black "Luberanski, Jakub"]
[Result "0-1"]
[BlackElo "2087"]
[WhiteElo "1656"]
[LiveChessVersion "1.4.8"]

1. d4 {[%clk 0:03:03]} Nf6 {[%clk 0:03:03]} 2. Nf3 {[%clk 0:03:04]} g6
{[%clk 0:03:04]} 3. g3 {[%clk 0:03:06]} Bg7 {[%clk 0:03:03]} 4. Bg2
{[%clk 0:03:07]} d5 {[%clk 0:03:00]} 5. O-O {[%clk 0:03:07]} O-O {[%clk 0:02:59]}
6. c4 {[%clk 0:03:06]} c6 {[%clk 0:02:57]} 7. cxd5 {[%clk 0:03:01]} cxd5
{[%clk 0:02:58]} 8. Nc3 {[%clk 0:02:59]} Ne4 {[%clk 0:02:58]} 9. Ne5
{[%clk 0:02:49]} Nxc3 {[%clk 0:02:53]} 10. bxc3 {[%clk 0:02:50]} Be6
{[%clk 0:01:59]} 11. Bf4 {[%clk 0:02:29]} Nd7 {[%clk 0:01:59]} 12. Nxd7
{[%clk 0:02:23]} Qxd7 {[%clk 0:02:00]} 13. Qb3 {[%clk 0:02:21]} Rac8
{[%clk 0:01:52]} 14. Rfc1 {[%clk 0:01:59]} Rc4 {[%clk 0:01:44]} 15. a4
{[%clk 0:01:40]} Rfc8 {[%clk 0:01:27]} 16. Bd2 {[%clk 0:01:12]} b6
{[%clk 0:01:09]} 17. a5 {[%clk 0:01:07]} b5 {[%clk 0:01:10]} 18. a6
{[%clk 0:01:06]} b4 {[%clk 0:01:05]} 19. e3 {[%clk 0:00:52]} bxc3
{[%clk 0:01:01]} 20. Rxc3 {[%clk 0:00:50]} Qc6 {[%clk 0:00:50]} 21. Rxc4
{[%clk 0:00:39]} Qxc4 {[%clk 0:00:51]} 22. Qa3 {[%clk 0:00:32]} Qc2
{[%clk 0:00:47]} 23. Bb4 {[%clk 0:00:24]} Qe2 {[%clk 0:00:30]} 24. Bc5
{[%clk 0:00:24]} Rc7 {[%clk 0:00:15]} 25. Qa2 {[%clk 0:00:13]} Qd3
{[%clk 0:00:08]} 26. Qb1 {[%clk 0:00:12]} Qc4 {[%clk 0:00:05]} 27. Qb8+ Rc8 28.
Qxa7 {[%clk 0:00:12]} Bd7 {[%clk 0:00:04]} 29. Qxd7 {[%clk 0:00:12]} Rxc5
{[%clk 0:00:05]} 30. dxc5 {[%clk 0:00:12]} Bxa1 {[%clk 0:00:07]} 31. Qc8+
{[%clk 0:00:12]} Kg7 {[%clk 0:00:08]} 32. Bf1 {[%clk 0:00:13]} Qa4
{[%clk 0:00:05]} 33. Qb7 {[%clk 0:00:13]} Bc3 {[%clk 0:00:05]} 34. a7
{[%clk 0:00:14]} Be1 {[%clk 0:00:05]} 35. a8=R {[%clk 0:00:05]} Qc2
{[%clk 0:00:05]} 36. Kg2 {[%clk 0:00:04]} Qxf2+ {[%clk 0:00:06]} 37. Kh3
{[%clk 0:00:05]} Qxf1+ {[%clk 0:00:07]} 38. Kg4 {[%clk 0:00:06]} Qf5+
{[%clk 0:00:08]} 39. Kh4 {[%clk 0:00:07]} Qh5# 0-1

[Event "Wroclaw"]
[Site "?"]
[Date "2020.08.27"]
[Round "9.8"]
[White "Kacprzak, Kacper"]
[Black "Panek, Bartosz"]
[Result "1-0"]
[BlackElo "1762"]
[WhiteElo "2035"]
[LiveChessVersion "1.4.8"]

1. e4 {[%clk 0:03:03]} c5 {[%clk 0:03:02]} 2. Nf3 {[%clk 0:03:04]} e6
{[%clk 0:03:03]} 3. d4 {[%clk 0:03:06]} cxd4 {[%clk 0:03:04]} 4. Nxd4
{[%clk 0:03:07]} Bc5 {[%clk 0:03:05]} 5. Nb3 {[%clk 0:03:07]} Bb6
{[%clk 0:03:07]} 6. Nc3 {[%clk 0:03:08]} Ne7 {[%clk 0:03:07]} 7. Bd3
{[%clk 0:03:09]} O-O {[%clk 0:03:08]} 8. O-O {[%clk 0:03:09]} f5 {[%clk 0:03:09]}
9. a4 {[%clk 0:02:58]} fxe4 {[%clk 0:02:47]} 10. Nxe4 {[%clk 0:02:59]} d5
{[%clk 0:02:42]} 11. Ng5 {[%clk 0:02:57]} h6 {[%clk 0:02:39]} 12. Nf3
{[%clk 0:02:55]} Nbc6 {[%clk 0:02:40]} 13. c4 {[%clk 0:02:44]} e5
{[%clk 0:02:28]} 14. cxd5 {[%clk 0:02:44]} Nxd5 {[%clk 0:02:29]} 15. Bc4
{[%clk 0:02:30]} Be6 {[%clk 0:02:22]} 16. Qe2 {[%clk 0:02:31]} Qf6
{[%clk 0:01:57]} 17. Rd1 {[%clk 0:02:20]} Rad8 {[%clk 0:01:39]} 18. a5
{[%clk 0:02:21]} Bd4 {[%clk 0:01:36]} 19. Nbxd4 {[%clk 0:02:14]} Nxd4
{[%clk 0:01:33]} 20. Nxd4 {[%clk 0:02:14]} exd4 {[%clk 0:01:34]} 21. f3
{[%clk 0:01:43]} Rfe8 {[%clk 0:01:23]} 22. Qf2 {[%clk 0:01:43]} Nf4
{[%clk 0:00:57]} 23. Bxe6+ {[%clk 0:01:21]} Nxe6 {[%clk 0:00:44]} 24. a6
{[%clk 0:01:17]} b6 {[%clk 0:00:42]} 25. Ra4 {[%clk 0:01:16]} Nc5
{[%clk 0:00:34]} 26. Ra3 Re7 {[%clk 0:00:25]} 27. b4 {[%clk 0:01:03]} Ne6
{[%clk 0:00:26]} 28. Bb2 {[%clk 0:01:00]} Red7 {[%clk 0:00:23]} 29. g3
{[%clk 0:00:51]} Ng5 {[%clk 0:00:17]} 30. Kg2 {[%clk 0:00:48]} Qe6
{[%clk 0:00:17]} 31. g4 {[%clk 0:00:45]} Qf6 {[%clk 0:00:13]} 32. Rad3
{[%clk 0:00:43]} Ne6 {[%clk 0:00:14]} 33. R3d2 {[%clk 0:00:39]} Nf4+ 34. Kh1 Ne6
{[%clk 0:00:13]} 35. Re1 {[%clk 0:00:34]} Nf4 {[%clk 0:00:10]} 36. Re4
{[%clk 0:00:35]} Nh3 {[%clk 0:00:06]} 37. Qg3 {[%clk 0:00:26]} Ng5
{[%clk 0:00:07]} 38. Rf4 {[%clk 0:00:27]} Qd6 {[%clk 0:00:07]} 39. Rfxd4
{[%clk 0:00:19]} Qxg3 40. hxg3 {[%clk 0:00:18]} Rxd4 {[%clk 0:00:04]} 41. Rxd4
{[%clk 0:00:20]} Rxd4 {[%clk 0:00:05]} 42. Bxd4 {[%clk 0:00:21]} 1-0

[Event "Wroclaw"]
[Site "?"]
[Date "2020.08.27"]
[Round "9.9"]
[White "Czechowski, Jakub"]
[Black "Suder, Jakub"]
[Result "0-1"]
[BlackElo "2031"]
[WhiteElo "1750"]
[LiveChessVersion "1.4.8"]

1. d4 {[%clk 0:03:03]} d5 {[%clk 0:03:04]} 2. c4 {[%clk 0:03:03]} e6 3. Nc3 a6
{[%clk 0:03:06]} 4. cxd5 {[%clk 0:03:00]} exd5 {[%clk 0:03:07]} 5. Nf3
{[%clk 0:02:54]} Nf6 {[%clk 0:03:08]} 6. Bg5 {[%clk 0:02:54]} Be6
{[%clk 0:03:09]} 7. e3 {[%clk 0:02:55]} Nbd7 {[%clk 0:03:10]} 8. Bd3
{[%clk 0:02:55]} Bd6 {[%clk 0:03:10]} 9. O-O {[%clk 0:02:50]} c6 {[%clk 0:03:11]}
10. Bh4 {[%clk 0:02:32]} O-O {[%clk 0:03:10]} 11. Bg3 {[%clk 0:02:33]} Qb8
{[%clk 0:03:10]} 12. Qc2 {[%clk 0:02:10]} Bg4 {[%clk 0:03:07]} 13. Nd2
{[%clk 0:01:29]} Re8 {[%clk 0:02:59]} 14. Rae1 {[%clk 0:01:25]} Bh5
{[%clk 0:02:59]} 15. a3 {[%clk 0:01:15]} Bg6 {[%clk 0:02:57]} 16. Bxd6
{[%clk 0:00:57]} Qxd6 {[%clk 0:02:57]} 17. f3 {[%clk 0:00:58]} Re7
{[%clk 0:02:45]} 18. Rf2 {[%clk 0:00:51]} Rae8 {[%clk 0:02:33]} 19. Rfe2
{[%clk 0:00:52]} Nh5 {[%clk 0:02:17]} 20. Bxg6 {[%clk 0:00:39]} hxg6
{[%clk 0:02:11]} 21. Qd3 {[%clk 0:00:27]} Qe6 {[%clk 0:01:40]} 22. g3
{[%clk 0:00:22]} Qh3 {[%clk 0:01:33]} 23. e4 {[%clk 0:00:08]} dxe4
{[%clk 0:01:23]} 24. fxe4 {[%clk 0:00:09]} Nf4 {[%clk 0:01:07]} 25. Qf3
{[%clk 0:00:10]} Nxe2+ {[%clk 0:01:07]} 26. Rxe2 {[%clk 0:00:11]} Qh5
{[%clk 0:01:01]} 27. Qxh5 {[%clk 0:00:06]} gxh5 {[%clk 0:01:02]} 28. e5
{[%clk 0:00:06]} Nb6 {[%clk 0:00:58]} 29. Nde4 {[%clk 0:00:07]} Rd8
{[%clk 0:00:55]} 30. Nd6 {[%clk 0:00:06]} Nc8 {[%clk 0:00:56]} 31. Nf5
{[%clk 0:00:06]} Red7 {[%clk 0:00:55]} 32. Ne4 {[%clk 0:00:05]} Kf8
{[%clk 0:00:51]} 33. Rf2 {[%clk 0:00:06]} g6 {[%clk 0:00:47]} 34. Nfd6
{[%clk 0:00:06]} Nxd6 {[%clk 0:00:48]} 35. Nxd6 {[%clk 0:00:07]} Rxd6
{[%clk 0:00:47]} 36. exd6 {[%clk 0:00:08]} Rxd6 {[%clk 0:00:49]} 37. Rf4
{[%clk 0:00:09]} Rd5 {[%clk 0:00:42]} 38. Kf2 {[%clk 0:00:10]} g5
{[%clk 0:00:42]} 39. Rf6 {[%clk 0:00:05]} Kg7 {[%clk 0:00:41]} 40. Rf3
{[%clk 0:00:04]} Rxd4 41. Ke3 Rd5 {[%clk 0:00:40]} 42. Ke4 {[%clk 0:00:06]} f6
{[%clk 0:00:37]} 43. a4 {[%clk 0:00:07]} Kg6 {[%clk 0:00:37]} 44. Rb3
{[%clk 0:00:09]} f5+ {[%clk 0:00:34]} 45. Ke3 {[%clk 0:00:10]} Rd7
{[%clk 0:00:35]} 46. a5 {[%clk 0:00:10]} Kf6 {[%clk 0:00:36]} 47. Kf3
{[%clk 0:00:10]} Rc7 {[%clk 0:00:29]} 48. Rb6 {[%clk 0:00:10]} Ke5
{[%clk 0:00:30]} 49. Ke3 {[%clk 0:00:10]} f4+ {[%clk 0:00:28]} 50. gxf4+
{[%clk 0:00:12]} gxf4+ 51. Kf3 Rd7 {[%clk 0:00:29]} 52. Rb3 {[%clk 0:00:13]} Kf5
{[%clk 0:00:31]} 53. h3 {[%clk 0:00:10]} Rg7 {[%clk 0:00:31]} 54. Kf2
{[%clk 0:00:10]} Rd7 {[%clk 0:00:26]} 55. Kf3 {[%clk 0:00:11]} Rd1
{[%clk 0:00:26]} 56. Rxb7 {[%clk 0:00:12]} Rd3+ {[%clk 0:00:27]} 57. Kg2
{[%clk 0:00:12]} Rd5 {[%clk 0:00:25]} 58. Ra7 {[%clk 0:00:12]} Rxa5
{[%clk 0:00:26]} 59. Rh7 {[%clk 0:00:13]} Ke4 {[%clk 0:00:25]} 60. Re7+
{[%clk 0:00:14]} Re5 {[%clk 0:00:26]} 61. Ra7 {[%clk 0:00:15]} a5
{[%clk 0:00:27]} 62. Ra6 {[%clk 0:00:15]} Rc5 {[%clk 0:00:28]} 63. Ra7
{[%clk 0:00:17]} Rc2+ {[%clk 0:00:29]} 64. Kf1 {[%clk 0:00:18]} Ke5 0-1

[Event "Wroclaw"]
[Site "?"]
[Date "2020.08.27"]
[Round "10.1"]
[White "Ochedzan, Tymon"]
[Black "Skurniak, Szymon"]
[Result "1-0"]
[BlackElo "1963"]
[WhiteElo "1972"]
[LiveChessVersion "1.4.8"]

1. e4 {[%clk 0:03:03]} d6 {[%clk 0:03:02]} 2. d4 {[%clk 0:03:04]} Nf6
{[%clk 0:03:03]} 3. Nc3 {[%clk 0:03:05]} e5 {[%clk 0:03:05]} 4. Nf3
{[%clk 0:03:04]} Nbd7 {[%clk 0:03:06]} 5. Rg1 {[%clk 0:03:04]} g6
{[%clk 0:03:03]} 6. g4 {[%clk 0:03:04]} exd4 {[%clk 0:02:48]} 7. Nxd4
{[%clk 0:03:05]} Nc5 {[%clk 0:02:26]} 8. Qe2 {[%clk 0:03:01]} Bg7
{[%clk 0:02:25]} 9. g5 {[%clk 0:02:30]} Ng4 {[%clk 0:02:19]} 10. Nf5
{[%clk 0:01:59]} Bxc3+ {[%clk 0:02:13]} 11. bxc3 {[%clk 0:02:00]} gxf5
{[%clk 0:01:53]} 12. exf5+ {[%clk 0:02:01]} Ne5 {[%clk 0:01:54]} 13. f4
{[%clk 0:02:00]} Bxf5 {[%clk 0:01:54]} 14. fxe5 {[%clk 0:01:58]} dxe5
{[%clk 0:01:41]} 15. Qf2 {[%clk 0:01:43]} Qd7 {[%clk 0:01:08]} 16. Qxc5
{[%clk 0:01:43]} O-O-O {[%clk 0:01:08]} 17. Be3 {[%clk 0:01:40]} Bxc2
{[%clk 0:01:05]} 18. Qxa7 {[%clk 0:01:33]} Qc6 {[%clk 0:01:06]} 19. Bh3+
{[%clk 0:01:31]} 1-0